JoJo Stands - Statistics

General Stats
  • This quiz has been taken 1,007 times
  • The average score is 67 of 156
Answer Stats
Hint Answer % Correct
Jotaro Kujo Star Platinum
93%
Jotaro Kujo Star Platinum (Part 4)
93%
Jotaro Kujo Star Platinum (Part 6)
93%
Jean Pierre Polnareff Silver Chariot
92%
Joseph Joestar Hermit Purple
90%
Joseph Joestar Hermit Purple (Part 4)
90%
Alternate World Diego | DIO THE WORLD
90%
Iggy The Fool
86%
Yoshikage Kira | Yoshikage Kira/Kosaku Kowajiri Killer Queen
83%
Mohammed Abdul Magician's red
82%
Josuke Higashikata Crazy Diamond
81%
Koichi Hirose Echo
80%
Hol Horse (The WHOLE HORSE) Emperor
80%
Giorno Giovanna Gold Experience
80%
Okuyasu Nijimura The Hand
80%
Mannish Boy (STAND BABY) Death 13
75%
Noriaki Kakyoin Hierophant Green
75%
Guido Mista Sex Pistols
74%
Vanilla Ice Cream
73%
Rohan Kishibe Heaven's Door
72%
Diavolo King Crimson
72%
Gray Fly Tower of Gray
70%
Bruno Bucciarati Sticky Fingers
69%
Panacotta Fugo Purple Haze
68%
Jean Pierre Polnareff Silver Chariot Requiem
67%
Forever (The Monkey) Strength
67%
Enya the Hag Justice
66%
Giorno Giovanna Gold Experience Requiem
65%
Steely Dan Lovers
65%
Leone Abbacchio Moody Blues
65%
Trish Una Spice Girl
65%
J. Geil (Two Right Hands) Hanged Man
62%
Joylne Kujo Stone Free
62%
Arabia Fats (Fat dude) Sun
62%
Enrico Pucci Made in Heaven
61%
Narancia Ghirga Aerosmith
60%
Caravan Serai/Chaka/Khan Anubis
58%
Impostor Captain Tennille Dark Blue Moon
58%
Nena Empress
58%
Keicho Nijimura Bad Company
56%
Risotto Nero Metallica
56%
Johnny Joestar Tusk
56%
Enrico Pucci Whitesnake
56%
Rubber Soul Yellow Temperance
55%
Funny Valentine Dirty Deeds Done Dirt Cheap
54%
Akira Otoishi Red Hot Chili Pepper
54%
Weather Forecast Weather Report
53%
Cioccolata Green Day
52%
Shigekiyo Yangu Harvest
52%
Pesci Beach Boy
51%
Polpo Black Sabbath
51%
Tama (Cat) Stray Cat
51%
Aya Tsuji Cinderella
50%
"Josuke Higashikata" Soft & Wet
50%
Enrico Pucci C-moon
49%
ZZ Wheel of Fortune
49%
Ermes Costello Kiss
48%
Yukako Yamagishi Love Deluxe
48%
Coco Jumbo/Polnareff Mr.President
48%
Mariah Bastet
47%
Daniel J.D'Arby Osiris
47%
Yuya Fungami Highway Star
46%
Angelo Katagiri Aqua Necklace
45%
F.F. Foo Fighters
45%
N'Doul Geb
45%
Ghiaccio White Album
45%
Illuso Man in the Mirror
44%
Tonio Trussardi (Desu) Pearl Jam
44%
Tanami Kobayashi The Lock
44%
Devo the Cursed Ebony Devil
43%
Pet Shop Horus
43%
Alessi Sethan
43%
Carne Notorious B.I.G.
42%
Gyro Zeppeli Ball Breaker
41%
Diego Brando/Dr. Ferdinand Scary Monsters
41%
Shizuka Joestar (BABY) Achtung Baby
40%
Bug-Eaten Ratt
40%
Melone Baby Face
39%
Mikitaka Hazekura Earth, Wind, and Fire
39%
Vinegar Dopplio/Popplio Epitaph
39%
Midler High Priestess
39%
Cameo Judgement
39%
Oingo Khnum
39%
Secco Oasis
39%
Narciso Anasui/Narc Annastasia Diver Down
38%
Formaggio Little Feet
38%
Toyohiro Kanedaichi Super Fly
38%
Prosciutto The Grateful Dead
38%
Yoshihiro Kira Atom Heart Father
37%
Telence T.D'Arby Atum
36%
Tashikazu Hazamada Surface
34%
Tiziano Talking Head
33%
Masazo Kinoto Cheap Trick
32%
Pocoloco Hey Ya!
32%
Sale Kraft Work
32%
Ken Oyanagi Boy II Man
31%
Squalo Clash
31%
Terunosuke Miyamoto Enigma
31%
Gwess/Guess Goo Goo Dolls
31%
Boingo Tohth
31%
Emporio Alnnio Burning Down the House
29%
Scolippi Rolling Stones
29%
Ungalo Bohemian Rhapsody
28%
Thunder McQueen Highway to Hell
28%
Mario Zucchero Soft Machine
28%
Kenny G. Tenore Sax
27%
Johngalli A Manhattan Transfer
22%
Guccio Survivor
22%
D-I-S-C-O Chocolate Disco
21%
Hot Pants Cream Starter
21%
Weather Forecast Heavy Weather
21%
Sports Maxx Limp Bizkit
21%
Donatello Versus Under World
21%
Blackmore Catch the Rainbow
20%
Kenzou Dragon's Dream
20%
D an G Yo-Yo Ma
20%
The Green Baby Green, Green Grass of Home
19%
Miuccia Miuller Jail House Lock
19%
Miraschon Marilyn Manson
19%
Sandman In a Silent Way
18%
Yasuho Hirose Paisley Park
18%
Rikiel Sky High
18%
Lang Rangler Jumpin' Jack Flash
17%
Joshu Higashikata Nut King Call
17%
Mountain Tim Oh! Lonesome me
17%
Sugar Mountain Sugar Mountain's Spring
17%
Lucy Steel Ticket To Ride
17%
Magenta Magenta 20th Century Boy
16%
Axl RO Civil War
16%
Pingo Roadagain Mandom
16%
Karera Sakunami Love Love Deluxe
15%
Jobin Higashikata Speed King
15%
Boom Boom Family Tomb of the Boom
15%
Norisuke Higashikata IV King Nothing
14%
Viviano Westwood Planet Waves
14%
Daiya Higashikata California King Bed
13%
Pork Pie Hat Kid Wired
13%
Mike O. Tubular Bells
12%
Tamaki Damo Vitamin C
12%
Kyo Higashikata Born this Way
11%
Tsurugi Higashikata Paper Moon King
11%
The Eleven Men Tatoo You!
11%
Oyecomova Boku no Rizumu o Kiitekure (Boku no Rhythm)
10%
Ojiro Sasame Fun Fun Fun
10%
Yotsuyu Yagiyama I Am a Rock
9%
Dolomite Blue Hawaii
8%
Elder A. Phex brother Schott Key No.1
7%
Younger A. Phex brother Schott Key No.2
7%
Hato Higashikata Walking Heart
7%
Aisho Dainenjiyama Doobie Wah!
6%
Shakedown Road Les Feuilles
6%
Unknown (sorry ;/) Milagro Man
3%
No matching quizzes found
Score Distribution
Percent of People with Each Score
Percentile by Number Answered
Your Score History
You have not taken this quiz